00596nam a2200169Ia 450000500170000000800410001702000180005808200130007624500490008926000480013830000130018650000780019970000310027794200060030895200970031499900150041120250620033118.0240331s9999 xx 000 0 und d a9789551302115 bSRIa322 0aSri Lankawa :bmanawa himikam thathwaya 2006 aColombobLaw & Social responsibilityc2006 a200 p ., aSri Lanka: Human Rights Situation 2006 Tsunami Disaster and the Aftermath aNeethiya ha samaja . eedt cL 001040708LaWERCLbWERCLcSSCd2024-03-31l0o 322.6 SRIp6361r2024-03-31w2024-03-31yL c5023d5023